| 000 | 01279nam a22002417a 4500 | ||
|---|---|---|---|
| 005 | 20120614170415.0 | ||
| 008 | 081007t xxu||||| |||| 00| 0 mar | ||
| 010 | _aMAR-22212 | ||
| 020 | _c115.00 | ||
| 035 | _aMR-14870 | ||
| 037 | _bD.B.Act /pub | ||
| 082 | _a891.46301 | ||
| 100 |
_aगुरव, अनंत _949115 |
||
| 245 |
_aचार आण्यांची कोंबडी... / _cअनंत गुरव |
||
| 246 |
_aChaar Anayanchi Kombdi _bby Aant Gurav |
||
| 260 |
_aमुंबई _bश्री सप्तशृंगी पब्लिकेशन _c2011 |
||
| 270 |
_aरूम नं. 8,सद् माळी चाळ,आझाद रोड,शांतादुर्गा मातेच्या मंदिराजवळ,मालपा डोंगरी नं.1,अंधेरी(पूर्व) _bमुंबई _e400025 |
||
| 300 |
_a110पृ _c22सेमी (अजिल्द) |
||
| 650 |
_aमराठी कथासंग्रह _949162 |
||
| 650 |
_aMarathi Short Stories _949163 |
||
| 942 |
_2ddc _cMR _mगुरव _h891.46301 |
||
| 999 |
_c67988 _d67988 |
||